Geography Quiz

Random Geography or World Quiz
Score 0/23 Timer 10:00
1 Play Today
Letter Island % Correct
CCuba, Cape Breton, Cyprus...
85.9%
MMadagascar, Mindanao, Melville...
83.6%
IIceland, Ireland
82.4%
GGreenland, Great Britain, Grand Terre...
82.2%
SSumatra, Sulawesi, South Island...
81.8%
HHonshu, Hokkaido, Hispaniola...
80.7%
JJava, Jamaica
79.3%
TTasmania, Tierra del Fuego, Taiwan...
71.6%
BBorneo, Baffin, Banks...
70.8%
NNew Guinea, North Island, Newfoundland...
64.4%
PPrince of Wales, Prince Patrick, Palawan...
41.7%
VVictoria, Vancouver, Viti Levu...
38.2%
Letter Island % Correct
LLuzon, Leyte
34.9%
KKyushu, Kotelny, King William...
33.6%
EEllesmere, Ellef Ringnes, East Falkland...
21.6%
ZZealand
19.4%
WWrangel Island, Wellington Island
9%
DDevon, Disko
7.5%
FFlores
7.1%
AAlexander, Axel Heiberg, Anticosti...
6.7%
OOctober Revolution Island
5.7%
YYuzhny, Yos Sudarso
4.4%
RRoosevelt Island, Riesco Island
3.3%
Remove Ads.
Support Sporcle.
Get the best of Sporcle when you Go Orange. This ad-free experience offers more features, more stats, and more fun while also helping to support Sporcle. Thank you for becoming a member.

You're not logged in!

Compare scores with friends on all Sporcle quizzes.
OR
Log In

Show Comments

Extras

Top Quizzes Today


Score Distribution

Your Account Isn't Verified!

In order to create a playlist on Sporcle, you need to verify the email address you used during registration. Go to your Sporcle Settings to finish the process.

Report this User

Report this user for behavior that violates our Community Guidelines.

Details: